Faculty of Law Library — Cairo University

Official Online Catalog

La Crise De L'industrie Linière : (Record no. 50833)

MARC details
000 -LEADER
fixed length control field 01046nam a2200301 i 4500
003 - CONTROL NUMBER IDENTIFIER
control field EG-GICUC
005 - DATE AND TIME OF LATEST TRANSACTION
control field 20260121101510.0
008 - FIXED-LENGTH DATA ELEMENTS--GENERAL INFORMATION
fixed length control field 251216s1904 fr ||| fr|| 00000 uefredd
040 ## - CATALOGING SOURCE
Original cataloging agency EG-GiCUC
Language of cataloging fre
Transcribing agency EG-GiCUC
Modifying agency EG-GiCUC
Description conventions rda
082 04 - DEWEY DECIMAL CLASSIFICATION NUMBER
Edition number 21
Classification number 338.47
Item number AF . C
092 04 - LOCALLY ASSIGNED DEWEY CALL NUMBER (OCLC)
Edition number 21
099 ## - LOCAL FREE-TEXT CALL NUMBER (OCLC)
Classification number Law1 13 338.47 AF . C 1904
100 1# - MAIN ENTRY--PERSONAL NAME
Personal name Aftalion, Albert
Relator term
245 01 - TITLE STATEMENT
Title La Crise De L'industrie Linière :
Remainder of title Et La Concurrence Victorieuse De L'industrie Cotonnière /
Statement of responsibility, etc. Albert Aftalion
250 ## - EDITION STATEMENT
Edition statement
264 ## - PRODUCTION, PUBLICATION, DISTRIBUTION, MANUFACTURE, AND COPYRIGHT NOTICE
Place of production, publication, distribution, manufacture Paris :
Name of producer, publisher, distributor, manufacturer Libranje De La Société Du Recueil General Des Lois Et Des Arrets Et Du Journal Du Palais ,
Date of production, publication, distribution, manufacture, or copyright notice 1904.
300 ## - PHYSICAL DESCRIPTION
Extent 183pages :
Other physical details illustrations ؛
Dimensions 24 cm
336 ## - CONTENT TYPE
Source rda content
Content type term text
337 ## - MEDIA TYPE
Source rda media
Media type term Computer
338 ## - CARRIER TYPE
Source rda carrier
Carrier type term Online Resource
504 ## - BIBLIOGRAPHY, ETC. NOTE
Bibliography, etc. note <br/>
546 ## - LANGUAGE NOTE
Language note Texte en français
650 14 - SUBJECT ADDED ENTRY--TOPICAL TERM
Topical term or geographic name entry element Finances publiques et législation fiscale
Source of heading or term
651 1# - SUBJECT ADDED ENTRY--GEOGRAPHIC NAME
Source of heading or term
856 40 - ELECTRONIC LOCATION AND ACCESS
Uniform Resource Identifier <a href="https://fll.law.cu.edu.eg/fulltext/bks/B13-08668.pdf">https://fll.law.cu.edu.eg/fulltext/bks/B13-08668.pdf</a>
905 ## - Cataloger and Reviser Names
Cataloger Name: Dina
942 ## - ADDED ENTRY ELEMENTS (KOHA)
Source of classification or shelving scheme Dewey Decimal Classification
Koha item type Books
Edition 21
Suppress in OPAC No
Holdings
Withdrawn status Lost status Source of classification or shelving scheme Damaged status Not for loan Collection Home library Current library Date acquired Total checkouts Full call number Barcode Date last seen Copy number Price effective from Koha item type
    Dewey Decimal Classification   Not for loan المالية العامة والتشريع الضريبي جــــامعة القــاهرة مكتبة كلية الحقوق - المبنى الرئيسي 16.12.2025   Law1 13 338.47 AF . C 1904 1308668 C1 B13-08668 16.12.2025 1 16.12.2025 Books

© All rights reserved — Faculty of Law, Cairo University